000 00448nam a2200157 i 4500
001 84971
003 ES-MaACL
005 20230906175144.0
007 t|
008 041124s1978 sp ||||1| spa d
245 0 0 _aJesuitas /
_c[Juan García Hortelano...(et al.)].
260 _aMadrid :
_bHiperión,
_c[1978]
300 _a192 p., 1 lám. :
_bil. ;
_c20 cm.
700 1 _aGarcía Hortelano, Juan.
_954775
852 _aES-MaACL
_jA-10905
_bR.100344
999 _c84971
_d84971